| 000 | 00983nam a2200265Ia 4500 | ||
|---|---|---|---|
| 003 | OSt | ||
| 005 | 20220930190056.0 | ||
| 006 | a|||||r|||| 00| 0 | ||
| 007 | ta | ||
| 008 | 220926b |||||||| |||| 00| 0 mal d | ||
| 020 | _c75 | ||
| 024 | _a92158 | ||
| 037 |
_b522, 19/03/2009, Vani Prakashan _cTextbook |
||
| 040 |
_aCRL _cCRL _bmal |
||
| 041 |
_2mal _amal |
||
| 082 | _aO32,1M78x, 152J9 | ||
| 100 |
_aदीक्षित, रत्नमयी देवी, अनु. _9168570 |
||
| 245 | 0 | _aवल्लत्तोल की कविताएं | |
| 246 | _aPrahlāda | ||
| 260 |
_aनई दिल्ली, _bसाहित्य अकादेमी, भारत _c1959 |
||
| 300 |
_a95पृ0 _ccm. |
||
| 650 | _aमलयालम साहित्य | ||
| 942 |
_hO32,1M78x, 152J9 _cTB _2CC |
||
| 999 |
_c891571 _d891571 |
||